El roble negro, patrimonio natural del Huila : (Registro nro. 7441)

Detalles MARC
000 -CABECERA
Campo de control 00862nam a22002297a 4500
005 - FECHA Y HORA DE LA ULTIMA TRANSACCION
Campo de control 20130724110634.0
008 - ELEMENTOS DE LONGITUD FIJA—INFORMACION GENERAL
Campo de control 130724b2011ck xxu||||| |||| 00| 0 spa d
020 ## - ISBN
ISBN 9789587197471
041 ## - IDIOMA
Código de idioma para texto/pista de sonido o título separado Español
082 ## - NUMERO DE CLASIFICACION DECIMAL DEWEY
Número de clasificación 583
Número del ítem P25r
100 ## - ASIENTO PRINCIPAL--NOMBRE PERSONAL
Nombre personal Parra A., César Augusto
245 ## - MENCION DE TITULO
Título El roble negro, patrimonio natural del Huila :
Parte restante del título ¿Qué hacer para su conservación? /
260 ## - PUBLICACION, DISTRIBUCION, ETC. (PIE DE IMPRENTA)
Lugar de publicación, distribución, etc. Medellín
Nombre del editor, distribuidor, etc. Universidad Nacional de Colombia, sede Medellín.
Fecha de publicación, distribución, etc. 2011
300 ## - DESCRIPCION FISICA
Extensión 37 p.
Otros detalles físicos il.,
Dimensiones 16 cm.
650 ## - ASIENTO SECUNDARIO DE MATERIA - TERMINO TEMATICO
Término temático o nombre geográfico como elemento de entrada Recursos naturales no renovables
650 ## - ASIENTO SECUNDARIO DE MATERIA - TERMINO TEMATICO
Término temático o nombre geográfico como elemento de entrada Patrimonio natural
Subdivisión geográfica Huila (Departamento, Colombia)
650 ## - ASIENTO SECUNDARIO DE MATERIA - TERMINO TEMATICO
Término temático o nombre geográfico como elemento de entrada Roble negro
Subdivisión geográfica Huila (Departamento, Colombia)
650 ## - ASIENTO SECUNDARIO DE MATERIA - TERMINO TEMATICO
Término temático o nombre geográfico como elemento de entrada Colombobalanus excelsa
Subdivisión geográfica Huila (Departamento, Colombia)
700 ## - ASIENTO SECUNDARIO - NOMBRE PERSONAL
Nombre personal Botero F., Verónica
700 ## - ASIENTO SECUNDARIO - NOMBRE PERSONAL
Nombre personal Díez G., María Claudia
942 ## - ELEMENTOS ADICIONALES (KOHA)
Sistema de clasificación Dewey Decimal Classification
Tipo de ítem
Existencias
Withdrawn status Lost status Sistema de Clasificación Damaged status No para préstamo Colección Inventariado Ubicación Permanente Ubicación actual Fecha de adquisición Fuente de Valor Valor Total Checkouts Número topográfico Inventario / Código de Barras Date last seen Ejemplar Price effective from Tipo de material
    Dewey Decimal Classification     General Inventariado 2017 Bogotá Bogotá 24/07/2013 Instituto 39000.00   LB 583 P25r 028430 24/07/2013 Ej. 1 24/07/2013 Libro